000 00684nam a2200181Ia 4500
008 090122s9999 xx 000 0 und d
082 _b13396
_a613
100 _aमांडे
_bअरुण
245 _aनिसर्गोपचारे मधुमेहावर नियंत्रण
260 _bरोहन
_c2008
300 _a140
501 _aललित वितरण
600 _aमांडे
630 _aनिसर्गोपचारे मधुमेहावर नियंत्रण
700 _aमांडे
730 _aनिसर्गोपचारे मधुमेहावर नियंत्रण
942 _cBOOK
999 _c37473
_d37473